000 00410nam a2200157 4500
001 109712
003 ES-MaACL
005 20230906184908.0
007 t|
008 061121s1962 sp r ||||1| eng d
245 0 0 _aModern English II
_b: An Intermediate Course.
250 _a2nd ed.
260 _aMadrid :
_bMangold,
_c1962.
300 _a248 p. :
_bil. ;
_c22 cm.
852 _aES-MaACL
_jC-29878
_bR.57353
999 _c109712
_d109712